La Pensee De Hassan II: (Record no. 1434780)

MARC details
000 -LEADER
fixed length control field 00518nam a22001817a 4500
003 - CONTROL NUMBER IDENTIFIER
control field OSt
005 - DATE AND TIME OF LATEST TRANSACTION
control field 20250818105407.0
008 - FIXED-LENGTH DATA ELEMENTS--GENERAL INFORMATION
fixed length control field 250818b |||||||| |||| 00| 0 eng d
022 ## - INTERNATIONAL STANDARD SERIAL NUMBER
International Standard Serial Number 9981460265
040 ## - CATALOGING SOURCE
Original cataloging agency ASTL
Language of cataloging eng
Transcribing agency ASTL
100 ## - MAIN ENTRY--PERSONAL NAME
Personal name Le vingtieme anniversaire de I Academie
9 (RLIN) 818005
245 ## - TITLE STATEMENT
Title La Pensee De Hassan II:
Remainder of title Authenticite et renouveau
260 ## - PUBLICATION, DISTRIBUTION, ETC.
Place of publication, distribution, etc. Rabat :
Name of publisher, distributor, etc. Le vingtieme anniversaire de I Academie,
Date of publication, distribution, etc. 2000.
300 ## - PHYSICAL DESCRIPTION
Extent 338p.
490 ## - SERIES STATEMENT
Volume/sequential designation II
650 ## - SUBJECT ADDED ENTRY--TOPICAL TERM
Source of heading or term South Africa
942 ## - ADDED ENTRY ELEMENTS (KOHA)
Source of classification or shelving scheme Colon Classification (CC)
Koha item type Textual
Suppress in OPAC No
Holdings
Withdrawn status Lost status Source of classification or shelving scheme Damaged status Not for loan Home library Current library Date acquired Total Checkouts Barcode Date last seen Price effective from Koha item type
    Colon Classification (CC)     Department of African Studies Library Department of African Studies Library 2025-08-18   AS0002618 2025-08-18 2025-08-18 Textual
Copyright @ Delhi University Library System